[Event "GER-chT U18 Girls"]
[Site "Karlsruhe"]
[Date "2015.05.10"]
[Round "7.3"]
[White "Wilmar, Anna"]
[Black "Bohdjalian, Johanna"]
[Result "1-0"]
[WhiteElo "800"]
[BlackElo "800"]
[PlyCount "81"]
[EventDate "2015.05.07"]
[EventType "team-swiss"]
[EventRounds "7"]
[EventCountry "GER"]
[SourceTitle "EXT 2017"]
[Source "ChessBase"]
[SourceDate "2016.10.25"]
[SourceVersion "1"]
[SourceVersionDate "2016.10.25"]
[SourceQuality "1"]
[WhiteTeam "Meuselwitz (W)"]
[BlackTeam "Voelklingen Warndt (W)"]
[WhiteTeamCountry "GER"]
[BlackTeamCountry "GER"]

1. d4 Nc6 2. Nf3 d5 3. Bf4 Nf6 4. e3 Nh5 5. c4 e6 6. Ne5 Bb4+ 7. Nc3 Qe7 8. a3 Ba5 9. b4 Bxb4 10. axb4 Nxb4 11. Qa4+ c6 12. c5 0-0 13. Qxb4 Qd8 14. Be2 a5 15. Qb1 Nf6 16. 0-0 b5 17. Nxc6 Qd7 18. Nxa5 Ba6 19. Bxb5 Bxb5 20. Qxb5 Rab8 21. Qxd7 Nxd7 22. Bxb8 Nxb8 23. Rfc1 h6 24. e4 dxe4 25. Nxe4 Rd8 26. Rd1 f6 27. Nb7 Re8 28. Ra8 f5 29. Ned6 Re7 30. Rxb8+ Kh7 31. c6 Kg6 32. h3 f4 33. d5 exd5 34. Rxd5 Re1+ 35. Kh2 Re2 36. f3 Kh7 37. c7 g5 38. c8Q Kg6 39. Qf5+ Kh5 40. Nf7 Kh4 41. Qg4# 1-0